| 000 | 01544cam a22004454a 4500 | ||
|---|---|---|---|
| 001 | data | ||
| 005 | 20260322212102.0 | ||
| 008 | data | ||
| 035 | _a14458810 | ||
| 906 |
_a7 _bcbc _corignew _d1 _eocip _f20 _gy-gencatlg |
||
| 925 | 0 |
_aacquire _b1 shelf copy _xpolicy default |
|
| 955 |
_djc02 2006-07-31 _ejc02 2006-07-31 to Dewey _fpv01 2007-06-04 Z-CipVer |
||
| 010 | _a 2006046782 | ||
| 015 |
_aGBA687900 _2bnb |
||
| 016 | 7 |
_a101282891 _2DNLM |
|
| 016 | 7 |
_a013578370 _2Uk |
|
| 020 | _a0723433569 | ||
| 020 | _a9780723433569 | ||
| 035 | _a(OCoLC)70713499 | ||
| 040 |
_aDNLM/DLC _cDLC _dDLC _dUKM _dBWKUK _dYDXCP _dBTCTA _dBAKER _dDLC |
||
| 042 | _apcc | ||
| 050 | 0 | 0 |
_aRT41 _b.F584 2007 |
| 060 | 0 | 0 | _a2007 C-825 |
| 060 | 1 | 0 |
_aWY 100 _bF7711 2007 |
| 082 | 0 | 0 |
_a610.73 _222 |
| 245 | 0 | 0 |
_aFoundations of nursing practice : _bfundamentals of holistic care / _cedited by Chris Booker, Anne Waugh ; foreword by Roger Watson. |
| 260 |
_aNew York : _aNew York : _bMosby/Elsevier, _c2007. |
||
| 300 |
_axvi, 758 p. : _bill. ; _c28 cm. |
||
| 336 |
_atext _btxt _2rdacontent |
||
| 337 |
_aunmediated _bn _2rdamedia |
||
| 338 |
_avolume _bnc _2rdacarrier |
||
| 504 | _aIncludes bibliographical references and index. | ||
| 650 | 0 | _aNursing. | |
| 650 | 1 | 2 | _aNursing. |
| 650 | 2 | 2 | _aNursing Care. |
| 650 | 2 | 2 | _aNursing Process. |
| 700 | 1 |
_aBooker, Chris, _cBSc. |
|
| 700 | 1 | _aWaugh, Anne. | |
| 999 |
_c1477 _d1477 |
||